Gaming Quiz

Random Gaming or Video Games Quiz

Video Game Sunsets Quiz Stats

 Plays Quiz Updated Jul 26, 2013

Challenge
Share
Tweet
Score 0/20 Timer 06:00
2 Plays Today
% Correct
Minecraft
91.6%
Angry Birds
89.9%
Halo 3
89.1%
Super Smash Bros. Brawl
88.1%
Grand Theft Auto IV
84.5%
Street Fighter II
77.7%
Red Dead Redemption
73.2%
The Legend of Zelda: Ocarina of Time
69.4%
Kingdom Hearts
63.1%
Super Mario Sunshine
62.4%
% Correct
Donkey Kong Country Returns
60.4%
The Walking Dead: The Game
58%
Borderlands 2
54.5%
Shadow of the Colossus
51%
Okami
42.1%
Braid
30.8%
Journey
25.6%
Bastion
21.8%
Dragon Quest VIII
20.7%
Gunstar Heroes
8.8%

You're not logged in!

Compare scores with friends on all Sporcle quizzes.
Join for Free
OR
Log In

You Might Also Like...

Show Comments

Extras

Top Quizzes Today


Score Distribution

Your Account Isn't Verified!

In order to create a playlist on Sporcle, you need to verify the email address you used during registration. Go to your Sporcle Settings to finish the process.

Report this User

Report this user for behavior that violates our Community Guidelines.

Details: